近畿日本鉄道 鉄道車両クイズ - Statistics

General Stats
  • This quiz has been taken 63 times
  • The average score is 18 of 30
Answer Stats
Picture Answer % Correct
50000系
98%
80000系
93%
21000系
80%
5200系
75%
21020系
73%
22000系
71%
22600系
71%
23000系
71%
30000系
71%
3200系
68%
20000系
64%
12400系
61%
16000系
61%
26000系
61%
5800系
61%
12600系
59%
9020系
57%
16200系
54%
16400系
54%
16010系
52%
16600系
52%
1400系
50%
12410系
48%
1420系
45%
15200系
43%
15400系
41%
19200系
41%
2013系
41%
1422系
32%
2410系
32%
No matching quizzes found
Score Distribution
Percent of People with Each Score
Percentile by Number Answered
Your Score History
You have not taken this quiz